| 000 | 00389nam a2200145Ia 4500 | ||
|---|---|---|---|
| 008 | 230917s9999||||xx |||||||||||||| ||und|| | ||
| 040 |
_e155321 _aMAIN |
||
| 041 | _aEnglish | ||
| 082 | _a891.2109 M971S | ||
| 100 | _aMusalgaonkar, Shyam K. | ||
| 245 | 0 | _aSanskrit ke mahakavya panchak vyutapati mein | |
| 260 |
_aDelhi _bEastern Book Linkers _c1996 |
||
| 300 | _axv, 491p p. | ||
| 942 | _cBK | ||
| 999 |
_c90309 _d90309 |
||